Conceptos ordinarios 2007 / (Registro nro. 11622)

Detalles MARC
000 -LEADER
fixed length control field 01424nam a2200301 4500
001 - CONTROL NUMBER
control field 0000023265
003 - CONTROL NUMBER IDENTIFIER
control field CO-CtgCURN
005 - DATE AND TIME OF LATEST TRANSACTION
control field 20250329191028.0
007 - PHYSICAL DESCRIPTION FIXED FIELD--GENERAL INFORMATION
fixed length control field ta
008 - FIXED-LENGTH DATA ELEMENTS--GENERAL INFORMATION
fixed length control field 160627s2008 000 0 eng d
020 ## - INTERNATIONAL STANDARD BOOK NUMBER
International Standard Book Number 9789588392011
040 ## - CATALOGING SOURCE
Original cataloging agency CO-CtgCURN
Language of cataloging spa
Transcribing agency coctgcurn
082 0# - DEWEY DECIMAL CLASSIFICATION NUMBER
Classification number 349.861
Item number A121
110 2# - MAIN ENTRY--CORPORATE NAME
Corporate name or jurisdiction name as entry element Academia Colombiana de Jurisprudencia.
245 10 - TITLE STATEMENT
Title Conceptos ordinarios 2007 /
Statement of responsibility, etc. Fernando Arboleda Ripoll... [et. al.].
260 ## - PUBLICATION, DISTRIBUTION, ETC.
Place of publication, distribution, etc. Bogotá :
Name of publisher, distributor, etc. Academia Colombiana de Jurisprudencia,
Date of publication, distribution, etc. 2008.
300 ## - PHYSICAL DESCRIPTION
Extent 160 p.
336 ## - CONTENT TYPE
Source rdacontent
337 ## - MEDIA TYPE
Source rdamedia
Media type term sin mediacion
Media type code n
338 ## - CARRIER TYPE
Source rdacarrier
Carrier type term volumen
Carrier type code nc
505 8# - FORMATTED CONTENTS NOTE
Formatted contents note El presente texto contiene la totalidad de conceptos ordinarios rendidos por la Corporcion durante el año 2007.--En los 24 asuntos estudiados, aparece un variopinto elenco de temas, propios de diversas disciplinas y especialidades del derecho.--Cada concepto aparece identificado por el nuevo de la resolucion con la cal fue aprobado, por la fecha de la misma, por el consultante por el academico y por el problema o cuestion general de derecho
650 14 - SUBJECT ADDED ENTRY--TOPICAL TERM
Topical term or geographic name entry element Jurisprudencia
General subdivision Conceptos
Geographic subdivision Colombia.
700 1# - ADDED ENTRY--PERSONAL NAME
Personal name Arboleda Ripoll, Fernando E.
908 ## - PUT COMMAND PARAMETER (RLIN)
Put command parameter 160627
942 ## - ADDED ENTRY ELEMENTS (KOHA)
Koha item type Libros
Classification part 349.861
Item part A121
Source of classification or shelving scheme Dewey Decimal Classification
Existencias
Withdrawn status Lost status Source of classification or shelving scheme Damaged status Not for loan Collection Home library Current library Shelving location Date acquired Inventory number Total checkouts Full call number Barcode Date last seen Copy number Price effective from Koha item type Public note
    Dewey Decimal Classification     General Miguel Henríquez Castañeda Miguel Henríquez Castañeda General 03/29/2025 012770   349.861 A121 012770 03/29/2025 ej.1 03/29/2025 Libros 340-DEREC
    Dewey Decimal Classification     General Miguel Henríquez Castañeda Miguel Henríquez Castañeda General 03/29/2025 013734   349.861 A121 013734 03/29/2025 ej.2 03/29/2025 Libros 340-DEREC